|
|
|
|
| LEADER |
01209nam a2200265 a 4500 |
| 001 |
13647518 |
| 008 |
090803r20051980enkab b 001 0 eng d |
| 010 |
|
|
|a 2004015939
|
| 020 |
|
|
|a 0415289548 (hbk.)
|
| 020 |
|
|
|a 0415289556 (pbk.)
|
| 040 |
|
|
|a DLC
|c DLC
|d DLC
|
| 082 |
0 |
0 |
|a 909.82
|2 22
|
| 100 |
1 |
|
|a Grenville, J. A. S.
|q (John Ashley Soames),
|d 1928-
|
| 245 |
1 |
2 |
|a A history of the world from the twentieth to the twenty-first century /
|c J.A.S. Grenville.
|
| 260 |
|
|
|a London ;
|a New York :
|b Routledge,
|c 2005.[Reprintede]
|
| 300 |
|
|
|a xii, 995 p. :
|b ill., maps ;
|c 25 cm.
|
| 500 |
|
|
|a Rev. ed. of: A history of the world in the twentieth century / J.A.S. Grenville.
|
| 504 |
|
|
|a Includes bibliographical references (p. [958]-973) and index.
|
| 541 |
1 |
|
|e 00014480
|
| 650 |
|
0 |
|a History, Modern
|y 20th century.
|
| 650 |
|
0 |
|a History, Modern
|y 21st century.
|
| 700 |
1 |
|
|a Grenville, J. A. S.
|q (John Ashley Soames),
|d 1928-
|t History of the world in the twentieth century.
|
| 852 |
4 |
|
|a Ayesha Abed Library
|j General shelf
|
| 999 |
|
|
|c 3042
|d 3042
|
| 952 |
|
|
|0 0
|1 4
|2 ddc
|4 0
|6 909_820000000000000_GRE
|7 0
|9 2755
|a BRACUL
|b BRACUL
|c GEN
|d 2009-08-27
|l 0
|o 909.82 GRE
|p 3010014480
|r 2009-08-27
|t 1
|w 2009-08-27
|y BK
|x Koha Inventory 2020
|